000 00795nam a2200205Ia 4500
999 _c8968
_d8968
005 20230823082520.0
008 230814s9999 xx 000 0 und d
020 _a970-102-926-7
040 _aUPAN
_cBiblioteca San Vicente
_eRCAA2
041 _aspa
082 _a658
_bB384a
_c2001
100 _aBateman S. Thomas
_4aut.
245 0 _aAdministración:
_b una ventaja competitiva/
_cThomas S. Bateman, Scott A. Snell
260 _aMéxico:
_bMcGraw Hill,
_c2001
300 _a715 p.;
_c28 cm.
505 _aParte uno: fundamentos de administración Parte dos: Planeación y estrategia Parte tres: Organización e integración de personal Parte cuatro: Dirección Parte cinco: Control y cambio
650 _2LEMB
_xAdministración
700 _aSnell, Scott A.
_4aut.
942 _cBK
_2ddc